000 01000nam a2200265Ia 4500
003 OSt
005 20221005111848.0
006 a|||||r|||| 00| 0
007 ta
008 221004b |||||||| |||| 00| 0 hin d
020 _a9789381698037 (hbk)
_c380
024 _a2620
037 _b348, 29/12/2012, Vidyanidhi Prakashan
_cTextual
040 _aCRL
_cCRL
_bhin
041 _2hin
_ahin
082 _aO15,1F75,1:g(R), 152Q2
100 _aझा, विश्वनाथ
245 0 _aनैड्ढधीयचरित का दार्शनिक अध्ययन
246 _aNaiḍḍhadhīyacharit kā dārshanik adhyayana
260 _aवाराणसी
_bकला प्रकाशन भारत
_c2012
300 _a144पृ0
_ccm.
650 _aहिन्दी साहित्य
942 _hO15,1F75,1:g(R), 152Q2
_cTEXL
_2cc
999 _c1023120
_d1023120